[Event "Linares Anibal op 04th"]
[Site "Linares"]
[Date "1997.??.??"]
[Round "7"]
[White "Rodriguez Cespedes, Amador"]
[Black "Hoffman, Alejandro"]
[Result "1-0"]
[WhiteElo "2555"]
[BlackElo "2480"]
[Annotator "Schulz,Andre"]
[PlyCount "107"]
[EventDate "1997.02.??"]
[EventType "swiss"]
[EventRounds "10"]
[EventCountry "ESP"]
[SourceTitle "CBM 058"]
[Source "ChessBase"]
[SourceDate "1997.06.01"]
[SourceVersion "1"]
[SourceVersionDate "1997.06.01"]
[SourceQuality "1"]

1. e4 c5 2. Nf3 d6 3. d4 cxd4 4. Nxd4 Nf6 5. Nc3 g6 6. Be3 Bg7 7. f3 Nc6 8. Qd2
Bd7 {Damit möchte Schwarz die normalen Varianten nach} (8... O-O 9. O-O-O {
umgehen.}) 9. O-O-O (9. Bc4 Rc8 10. Bb3 O-O {B78}) 9... Rc8 10. g4 (10. h4 h5
$5) 10... Ne5 11. Kb1 (11. h4 O-O 12. h5 Nxf3 13. Nxf3 Bxg4 14. Be2 Bxh5 15.
Bxa7 Ng4 {1-0 Onischuk,A-Hodgson,J/Groningen 1996 (44);CBM 57}) 11... O-O 12.
h4 b5 (12... Qa5 $5 {Mit dem weißen König auf b1 sieht das eigentlich aus wie
ein typischer Fehler, aber so klar ist das nicht.} 13. Nd5 (13. h5 Rxc3 14.
Qxc3 Qxc3 15. bxc3 Nxf3 16. Nxf3 Bxg4 17. Bg2 Nxe4 $11) 13... Qxd2 14. Nxe7+ (
14. Rxd2 Nxd5) 14... Kh8 15. Rxd2 Rce8 16. g5 $5 (16. Nd5 $2 Nxd5 17. exd5 Nxf3
18. Nxf3 Rxe3 $19) (16. h5 Nexg4 (16... Rxe7 17. h6 Bxh6 18. Bxh6 Rfe8 19. Bg5
$16) 17. fxg4 Nxe4 18. Rdh2 Rxe7 $13) 16... Nxf3 (16... Nh5 17. Nd5 $16) 17.
Nxf3 Nxe4 18. Nd5 Nxd2+ 19. Bxd2 Bc6 20. Bc4 $14) (12... Re8 $5 13. h5 Qa5) 13.
h5 Nxf3 (13... b4 14. Nd5 Nxd5 15. exd5 Qa5 16. hxg6 fxg6 17. Qh2 $40) 14. Nxf3
Bxg4 15. Be2 b4 (15... Qa5 $2 16. Nd5 Qxd2 17. Nxe7+ Kh8 18. Rxd2 Rce8 19. h6
$18) 16. Nd5 Nxe4 17. Qxb4 e6 18. Qxe4 (18. Nf4 Nc3+ 19. bxc3 (19. Ka1 Nxd1 20.
Rxd1 Rb8 $19) 19... Rb8 $13) 18... Bf5 19. Qxf5 exf5 {Weiß hat drei
Leichtfiguren für die Dame. Das ist reichlich.} (19... gxf5 $2 20. Rhg1 Kh8 21.
h6 Bxb2 22. Kxb2 exd5 23. Rg7 Qa5 24. Bd4 f6 25. Rdg1 $18) 20. Bxa7 Ra8 (20...
Qa5 21. Ne7+) 21. Bd4 Re8 (21... Qa5 $2 22. Ne7+ Kh8 23. hxg6 Qxa2+ 24. Kc1
Qa1+ 25. Kd2 $18) 22. Bc4 Re4 23. hxg6 hxg6 24. Rh2 Bxd4 25. Nxd4 Rh4 26. Rg2
Rg4 27. Rh2 Rh4 (27... Qg5 $2 28. Nf3 Qd8 29. Rdh1 $18) 28. Re2 Re4 29. Red2
Kg7 30. b4 $1 Qh4 31. Bb3 f4 32. a4 Re1 33. a5 Qh1 34. c3 g5 35. Rxe1 (35. Nf5+
$5) 35... Qxe1+ 36. Rd1 Qe5 37. Rf1 Qe4+ 38. Kc1 Rc8 {[%csl Rd4]} 39. Rd1 Kf8
40. a6 f3 41. b5 f2 42. b6 (42. a7 Qxd4 43. a8=Q Rxa8 44. cxd4 Ra1+ 45. Kd2
Rxd1+ 46. Bxd1 f1=Q $19) 42... Ra8 $2 (42... Qxd4 $142 43. b7 (43. Rxd4 f1=Q+
44. Kb2 Qxa6 $19) 43... Rxc3+ 44. Nxc3 Qxc3+ 45. Bc2 Qe3+ 46. Kb2 Qb6+ 47. Kc3
g4 48. Rb1 Qa5+ 49. Kd4 Qc5+ 50. Kd3 Qf5+ 51. Ke3 Qf3+ $11) 43. b7 $18 Rxa6 44.
Kb2 $2 (44. b8=Q+ $18) 44... Rb6 45. Nxb6 Qxb7 46. Nd5 Qa6 47. Ne3 Qb7 (47...
g4 48. Ra1 Qb7 49. Ndf5 $18) 48. Kc2 Qe4+ 49. Kd2 g4 50. Ndf5 Qf4 51. Bd5 g3
52. Ke2 Qe5 53. Rd4 Kg8 54. Nxg3 (54. Nxg3 Qxg3 55. Rg4+) 1-0

[Event "Maribor Pirc Memorial"]
[Site "Maribor"]
[Date "1996.??.??"]
[Round "?"]
[White "Podlesnik, Bogdan"]
[Black "Kozul, Zdenko"]
[Result "1/2-1/2"]
[WhiteElo "2410"]
[BlackElo "2580"]
[Annotator "Schulz,Andre"]
[PlyCount "52"]
[EventDate "1996.05.??"]
[EventType "tourn"]
[EventRounds "11"]
[EventCountry "SLO"]
[EventCategory "10"]
[SourceTitle "CBM 055"]
[Source "ChessBase"]
[SourceDate "1996.12.01"]
[SourceVersion "1"]
[SourceVersionDate "1996.12.01"]
[SourceQuality "1"]

1. e4 {Johnson,M} c5 2. Nf3 Nc6 3. d4 cxd4 4. Nxd4 Nf6 5. Nc3 d6 6. f3 g6 7.
Be3 Bg7 8. Qd2 O-O 9. O-O-O Nxd4 {Dieser Variante ist viel gefährlicher für
Schwarz als 9...d5, aber sie bietet auch die schöneren Angriffsvarianten für
beide Seiten.} (9... d5 {ist die Alternative.}) (9... Bd7 {Um nach 10.Bc4 in
die Abspiele zu kommen, die normalerweise nach 9.Bc4 entstehen. Der Zug Bd7
hat hier einen sehr schlechen Ruf, vielleicht zu unrecht.}) 10. Bxd4 Be6 11.
Kb1 Qc7 (11... Qa5 $2 {Eigentlich möcht die Q nach a5, aber das geht im Moment
nicht.} 12. Nd5 Qxd2 13. Nxe7+ $18 {Schwarz muß erst das Feld f8 freimachen,
damit der K bei dieser Abwicklung dort den Ne7 angreifen kann.}) 12. h4 Rfc8 (
12... h5 $5) 13. h5 (13. g4) 13... Qa5 (13... Nxh5 $2 14. Bxg7 Kxg7 (14... Nxg7
15. Qh6 Nh5 16. g4 Nf6 17. e5 dxe5 18. g5 Nh5 19. Bd3 $18 {kommt auf dasselbe
heraus wie Kxg7.}) 15. g4 Nf6 16. Qh6+ Kg8 17. e5 $1 dxe5 18. g5 Nh5 19. Bd3
$18) 14. a3 (14. h6 $6) 14... Rab8 (14... Nxh5 $2 {ist hier schon vorgekommen,
verliert aber:} 15. Bxg7 Kxg7 16. g4 Nf6 17. Qh6+ Kg8 18. Nd5 $1 {Es geht
darum, forciert den Bauern e4 loszuwerden, um entscheidend den B auf d3
einzusetzen.  Regel: Steht die schwarze Dame auf a5, spielt man Nd5, steht sie
auf c7, spielt man e4-e5.} (18. e5 $2 {geht hier nicht:} Qxe5 19. g5 Nh5 20.
Bd3 Qg7 $19) 18... Bxd5 19. exd5 Rc5 (19... Qc7 20. Bd3 e6 21. g5 Nh5 (21...
Nxd5 22. Qxh7+ Kf8 23. Bxg6 fxg6 (23... Ne3 24. Qh8+ Ke7 25. Qf6+ Kd7 26. Qxf7+
Kc6 27. Qxe6 Nxd1 28. Be4+ $18) 24. Qh8+ Kf7 25. Rh7#) 22. Rxh5 $18) (19... Qd8
20. g5 Nh5 21. Rxh5 gxh5 22. Bd3 $18) 20. g5 Nh5 21. Rxh5 gxh5 22. Bd3 f5 23.
gxf6 exf6 24. Rg1+ Kf7 25. Qxh7+ Kf8 26. Rg8#) (14... Nxh5 $1 {Johnson,M}) 15.
hxg6 hxg6 16. Nd5 (16. Bxf6 Bxf6 17. Nd5 Qxd2 18. Nxf6+ Kg7 19. Nh5+ gxh5 20.
Rxd2 Rc5 $1) (16. Bd3 Bc4 $2 (16... b5 $16 17. Qg5 $5 (17. Qg5 {Johnson,M} Qc7
18. e5 dxe5 19. Bxe5 Qc5 20. f4 Rb7 21. Bxg6 fxg6 22. Qxg6 Bf7 23. Rh8+ {
1-0 Van Der Wiel,J-Sax,G/Plovdiv 35/287 1983}))) (16. g4 $140 b5 17. Qg5) (16.
Bd3 $1 {Transposing to Van Der Wiel-Sax above}) 16... Qxd2 17. Rxd2 Bxd5 18.
exd5 a6 19. g3 Nh5 20. Bf2 b5 21. c3 a5 22. Rh4 Rc7 23. Ka2 Nf6 24. Be3 Nd7 25.
a4 bxa4 26. Rxa4 Nc5 1/2-1/2

[Event "Dos Hermanas"]
[Site "Dos Hermanas"]
[Date "1996.05.25"]
[Round "4"]
[White "Shirov, Alexei"]
[Black "Topalov, Veselin"]
[Result "1/2-1/2"]
[WhiteElo "2690"]
[BlackElo "2700"]
[Annotator "Schulz,Andre"]
[PlyCount "58"]
[EventDate "1996.05.21"]
[EventType "tourn"]
[EventRounds "9"]
[EventCountry "ESP"]
[EventCategory "19"]
[SourceTitle "CBM 053"]
[Source "ChessBase"]
[SourceDate "1996.08.01"]
[SourceVersion "1"]
[SourceVersionDate "1996.08.01"]
[SourceQuality "1"]

1. e4 {Azmaiparashvili Johnson,M} c5 2. Nf3 d6 3. d4 cxd4 4. Nxd4 Nf6 5. Nc3 g6
6. Be3 Bg7 7. f3 Nc6 8. Qd2 O-O 9. O-O-O {Nach 9.0-0-0 hat Schwarz erheblich
mehr Probleme als nach 9.Bc4.} d5 (9... Nxd4 10. Bxd4 Be6 11. Kb1 Qc7 (11...
Qa5 $2 12. Nd5) 12. h4 Rfc8 {In dieser Variante muß Schwarz höllisch aufpassen,
daß er nicht unter die Räder kommt.} 13. h5 $14 (13. g4 $14)) (9... Bd7 {
mit der Idee Nc6-e6, Rc8 wird von der Theorie als schlecht beurteilt. Weiß
spart im Gegensatz zu der Variante 9.Bc4 ein Tempo. Es ist aber fraglich, ob
Weiß daraus Kapital schlagen kann, denn der B steht auf der Diagonalen b3-g8
vermutlich besser als z.B. auf e2.}) 10. Qe1 (10. exd5 Nxd5 11. Nxc6 bxc6 12.
Bd4 e5 13. Bc5 {ist das Hauptabspiel, in dem es Schwarz auch nicht leicht hat.}
(13. Bc5 {Johnson,M} Be6 14. Ne4 Re8 15. h4 a5 16. Bc4 h5 17. g4 Nf4 18. Qe1
Bd5 19. gxh5 Nxh5 20. Nd6 Re6 21. Rxd5 cxd5 22. Bxd5 Rxd6 23. Bxa8 Bh6+ 24. Kb1
Rd2 25. Be4 Ng3 26. Bb6 Qxb6 27. Qxg3 a4 28. a3 Be3 29. Qg4 Qb8 30. Ka1 Bd4 31.
Rb1 Qc7 32. h5 Qc5 33. Ka2 Qc4+ 34. Ka1 Qc5 {1/2-1/2 Blumberg,V-Golubev,M/USSR
1990})) (10. Kb1 $5 Nxd4 (10... e6 $5) 11. e5 $1 {ist eine interssante Idee,
nach} Ne8 12. Bxd4 {hat Schwarz kaum Spiel.}) 10... e6 (10... e5) 11. h4 (11.
g4 $6 e5 $1 {Sieht absurd aus. Erst e7-e6 und dann doch nach e5. Der
springende Punkt ist, daß später der Bauer f3 hängt.} (11... Qe7 12. Nb3 b6 $5
(12... Rd8 13. Bc5 Qc7 14. Qg3 Qxg3 15. hxg3 $10) 13. Bb5 Bb7 14. Bxc6 Bxc6 15.
Nd4 Bb7 16. e5 Nd7 17. f4 f6 $1 $15 {De la Villa Garcia,J-Romero Holmes,H Leon
(04) 0-1 31}) 12. Nxc6 bxc6 13. exd5 cxd5 14. Bg5 Bb7 15. Bc4 (15. Qxe5 h6 16.
Bh4 g5 17. Be1 Nxg4 $17) 15... d4 {Jetzt! Wenn Schwarz gleich 10...e5 spielt 
(statt 10...e6), steht der weiße g-Bauer noch auf g2 und deckt f3.} 16. Ne4 Rc8
17. Bb3 Qb6 18. Bxf6 Bxf6 19. h4 Rfd8 20. Kb1 a5 21. g5 Bg7 22. h5 Rb8 $1 $17 {
Dvoirys,S-Tolnai,T EUCup Gr5 Balatonbereny 1993 0-1 39}) 11... Qc7 (11... Qe7 {
Johnson,M}) (11... Re8 {Johnson,M}) 12. exd5 {Ruhiger als das scharfe} (12. h5
{mit wilden Verwicklungen. !?Azmaiparashvili} Nxh5 {Johnson,M} 13. g4 Nxd4 14.
Bxd4 Bxd4 15. Rxd4 Qe5 16. Qd2 Ng3 17. Rg1 dxe4 18. f4 Nxf1 19. Rxf1 Qg7 20. g5
e5 21. Rd6 e3 22. Qxe3 exf4 23. Qxf4 Bh3 24. Rf2 Rae8 25. Nd5 Re1+ 26. Kd2 Qe5
27. Rh2 h5 28. Qxe5 Rxe5 29. Rxh3 Rxg5 30. c4 Kg7 31. Rd7 Rg4 32. Kd3 Kh6 33.
Rxb7 f5 34. Rd7 f4 35. Rf3 h4 36. c5 Rg3 37. Ke2 g5 38. Rd6+ Kg7 39. c6 h3 40.
Rf2 f3+ 41. Ke3 Rg2 42. Rxf3 Rxf3+ 43. Kxf3 g4+ 44. Kf4 Rf2+ 45. Kg5 h2 46. c7
Rf8 47. Rd7+ Kh8 48. Rd8 h1=Q 49. Rxf8+ Kg7 50. c8=Q Qxd5+ 51. Rf5 Qd2+ {
1-0 Mainka,R-Alterman,B/Lloyds Bank op(08) 1994}) 12... Nxd5 (12... exd5 13.
Qd2 Re8 14. Bf4 Qa5 (14... Qb6 $5) 15. Nb3 Qb4 16. a3 Qe7 17. Bg5 Be6 18. Nb5
d4 19. N3xd4 Rad8 20. Nxc6 bxc6 21. Nd4 Rd6 22. Nf5 gxf5 23. Qxd6 Qb7 24. Qb4
Qa8 25. Bc4 Rb8 26. Qa4 Nd5 27. Bb3 Qb7 28. Rhe1 c5 29. Rxd5 Bxb2+ 30. Kxb2
Qxd5 31. Bf4 Rb6 32. Re5 Qd1 33. Rxc5 Qe2 34. Rc3 Bxb3 35. Rxb3 {1-0 Dvoirys,
S-Los,S/Groningen op (01) ;EXP 38 1993}) 13. Nxd5 exd5 14. Qd2 Re8 $1 $146 {
/\ Rxe3} (14... h5 15. Nb5 Qe7 16. Bg5 Qe5 17. c3 Be6 18. Bf4 Qf6 19. Bg5 Qe5
20. Re1 Qb8 21. Bh6 Qd8 22. Bxg7 Kxg7 23. Nd4 Qf6 24. Rd1 Rac8 25. Bb5 a6 26.
Be2 Rfe8 27. Nxc6 {1/2-1/2 Kramnik,V-Alterman,B/URS-qualJ Sochi ;EXT 90 1990})
(14... Qe5 15. h5 Re8 16. Bf2 Nxd4 17. Bxd4 Qxd4 18. Qxd4 Bxd4 19. Rxd4 Be6 $14
20. Bd3 Kg7 21. Kd2 Kf6 22. c3 b6 23. a3 Rac8 24. g4 Rc7 25. Bb5 Rf8 26. Be2
Ke7 27. f4 f6 28. Bf3 Rc4 29. Kd3 Rxd4+ 30. Kxd4 Kd6 31. hxg6 hxg6 32. Rh6 g5
33. f5 Bd7 34. Bxd5 Bc6 35. c4 a5 36. Rh7 a4 37. Ra7 Bd7 38. Rb7 Rh8 39. Rxb6+
Ke7 40. Rb7 {1-0 Dvoirys,S-Alterman,B/Leeuwarden op (07) ;EXT 94op 1994}) 15.
h5 (15. Bf4 $5 Qb6 16. Nb5 (16. Nb3 a5 $15) 16... a6 17. Bc7 Qc5 (17... Qe3 18.
Qxe3 Rxe3 19. Bf4 $16) 18. Bd6 $10) 15... Rxe3 16. Qxe3 Nxd4 (16... Bxd4 {
Johnson,M} 17. Qe8+ Kg7 18. h6+ Kf6 19. Rxd4 Nxd4 20. Qh8+ Ke7 21. Qxd4 $14)
17. Rxd4 (17. Qe8+ {Johnson,M} Bf8 18. Rxd4 Bf5 19. Qa4 $16 (19. Qe2 {
Azmaiparashvili} Re8 20. Qf2 Bc5 $17)) 17... Bf5 {|^} 18. Bd3 (18. Rd2 d4 19.
Qg5 (19. Qb3 Bh6) 19... d3 20. Bxd3 Qe5 $40) 18... Qb6 19. Rhh4 $2 (19. c3 $142
Bxd4 (19... Rc8 20. Kb1 Rxc3 21. Qe8+ Bf8 22. hxg6 fxg6 23. Bxf5) 20. cxd4 Rc8+
21. Kb1 Qe6 (21... Bxd3+ {Azmaiparashvili} 22. Qxd3 $10) 22. Qd2 (22. Qxe6
Bxd3+ $19) (22. Re1 $2 Bxd3+ $19) 22... Bxd3+ 23. Qxd3 $10 (23. Qxd3 g5 $15))
19... Be4 $1 20. Rdxe4 Qxb2+ 21. Kd1 dxe4 22. Rxe4 Qxa2 23. hxg6 hxg6 24. Re7
Qb1+ (24... Qa1+ {Azmaiparashvili} 25. Ke2 Bc3 $17 26. Bxg6 Qe1+ 27. Kd3 Rd8+
28. Kc4 Rc8+ $19) 25. Ke2 Bf6 (25... Bc3 {Azmaiparashvili} 26. Kf2) 26. Rd7 a5
(26... Qh1 $5 27. Bc4 $1 Qxg2+ 28. Kd1 $13) 27. Bxg6 Qb5+ 28. Qd3 Re8+ 29. Be4
Qxd3+ 1/2-1/2

[Event "Krynica zt"]
[Site "Krynica"]
[Date "1998.09.07"]
[Round "6"]
[White "Jansa, Vlastimil"]
[Black "Mrva, Martin"]
[Result "1-0"]
[WhiteElo "2490"]
[BlackElo "2445"]
[Annotator "Schulz,Andre"]
[PlyCount "79"]
[EventDate "1998.09.02"]
[EventType "swiss"]
[EventRounds "9"]
[EventCountry "POL"]
[SourceTitle "CBM 067"]
[Source "ChessBase"]
[SourceDate "1998.11.30"]
[SourceVersion "2"]
[SourceVersionDate "1998.11.01"]
[SourceQuality "1"]

1. e4 c5 2. Nf3 d6 3. d4 cxd4 4. Nxd4 Nf6 5. Nc3 g6 6. Be3 Bg7 7. f3 O-O 8. Qd2
Nc6 9. O-O-O Nxd4 {Die älteste Antwort auf 9.0-0-0.} 10. Bxd4 Be6 11. Kb1 a6 $2
{Die Theorie hält nichts von derlei Zügen, weil der Angriff hier im Gegensatz
zu vielen anderen Sizilianischen Systemen zu langsam ist.} ({Normal ist} 11...
Qc7 12. g4 (12. h4) 12... Rfc8 13. Z0 Qa5 $140) 12. g4 b5 13. h4 b4 14. Nd5
Bxd5 (14... Nxd5 15. exd5 ({Nach} 15. Bxg7 $2 {kann Schwarz Unruhe stiften:}
Nc3+ $1 16. bxc3 (16. Bxc3 Qa5) 16... Qa5) 15... Bd7 16. Bxg7 Kxg7 17. h5 $18)
15. exd5 Qa5 16. Bc4 Rfc8 17. Qe2 $2 $146 (17. b3 Qc7 18. h5 a5 19. hxg6 hxg6
20. Rh3 Qd7 21. Rdh1 e5 22. dxe6 fxe6 23. Qg5 Kf7 24. Rh6 Rxc4 25. Qxg6+ Kf8
26. Bxf6 {1-0 Sanguineti,R-Eliskases,E/Buenos Aires 1955/MCD-ch (26)}) (17. Bb3
Qc7 18. h5 a5 19. Ba4 $16 {spart gegenüber der Partie ein wichtiges Tempo und
läßt die Dame auf der besten Diagonalen.}) 17... Qc7 18. Bb3 (18. b3 a5 {
ist mit der Dame auf e2 aussichtsreicher für Schwarz als in der oben zitierten
Partie.}) 18... a5 19. Ba4 Nxd5 {Riskant, aber Schwarz hat keine große Wahl.
Der La4 hält das ganze schwarze Angriffchen am Damenflügel auf, und Weiß droht
am Königsflügel gefährlich zu werden.} 20. Bxg7 Nb6 {[%cal Rb6a4]} 21. Bd4 Nxa4
22. f4 (22. h5 g5) (22. g5 e5) 22... Rab8 23. h5 g5 $2 ({An sollte Schwarz
alles auf eine Karte setzen. Im Drachen gilt: Lieber nach Opfern ehrenhaft
untergehen als ein schlechtes Endspiel zu verteidigen.} 23... Nc3+ {ist
selbstverständlich Pflicht.} 24. bxc3 bxc3+ 25. Ka1 (25. Kc1 $2 Rb1+ 26. Kxb1
Qb7+ 27. Ka1 Qb2#) 25... Qb7 26. Rb1 (26. Bxc3 Rxc3 27. Rb1 Rh3 $3 (27... Qc7
28. Rxb8+ Qxb8 29. hxg6 fxg6 30. Qh2 $40) 28. Rhe1 Qc8 29. Rxb8 Qxb8 $11) 26...
Qd5 $13 {[%csl Ra2,Rd4][%cal Yd5a2,Yd5h1] und Schwarz darf auch Spaß haben.} (
26... Qc7 $4 27. hxg6 Rxb1+ 28. Rxb1 (28. Kxb1 $4 Qb7+ 29. Ka1 Qb2#) 28... hxg6
29. Qh2 f6 30. Qh6 $18) 27. Z0 Rb2 $140) 24. Rhe1 Rb7 $2 {Deckt e7 und
bereitet Dc4 vor.} (24... Nc3+ $2 25. bxc3 bxc3+ 26. Ka1 Qb7 27. Rb1 Qd5 28.
Rxb8 Rxb8 29. Bxc3) (24... gxf4 $5 25. Qxe7 Qxe7 26. Rxe7 Nc5 27. Bf6 $16 (27.
Bxc5 $2 dxc5 28. Rdd7 Re8 $1 $17)) 25. fxg5 Qc4 $2 {Das sieht nur nach
Entlastung aus, Weiß hat aber weiter gerechnet.} 26. Qxc4 Rxc4 27. b3 Nc3+ 28.
Bxc3 Rxc3 29. Rxd6 $1 $18 {Das hatte Schwarz anscheinend übersehen.} h6 (29...
exd6 30. Re8+ Kg7 31. h6+ Kg6 32. Rg8#) 30. Rxh6 Rbc7 31. Re2 Rg3 32. Ra6 Rc5
33. g6 Rxg4 34. Ra8+ Kg7 35. h6+ Kxg6 36. Rg8+ Kf5 37. h7 Rh4 38. h8=Q Rxh8 39.
Rxh8 e5 40. Rf2+ 1-0

[Event "Danzhou 6th"]
[Site "Danzhou"]
[Date "2015.07.07"]
[Round "6"]
[White "Wei, Yi"]
[Black "Lu, Shanglei"]
[Result "1/2-1/2"]
[WhiteElo "2724"]
[BlackElo "2595"]
[Annotator "Schulz,Andre"]
[PlyCount "111"]
[EventDate "2015.07.02"]
[EventType "tourn"]
[EventRounds "9"]
[EventCountry "CHN"]
[EventCategory "17"]
[SourceTitle "CBM 167"]
[Source "ChessBase"]
[SourceDate "2015.07.13"]
[SourceVersion "1"]
[SourceVersionDate "2015.07.13"]
[SourceQuality "1"]

1. e4 c5 2. Nf3 d6 3. d4 cxd4 4. Nxd4 Nf6 5. Nc3 g6 6. Be3 Bg7 7. f3 Nc6 8. Qd2
O-O 9. O-O-O d5 10. Qe1 e6 11. Kb1 Qe7 12. Bg5 h6 13. Bh4 Nxd4 14. Rxd4 Qc5 15.
Rd1 dxe4 16. Bxf6 Bxf6 17. Nxe4 Qe5 18. Nxf6+ Qxf6 19. h4 b6 20. h5 g5 21. Qe4
Rb8 22. Bd3 Rd8 23. Qh7+ Kf8 24. Bg6 {[#] Der weiße Königsangriff geht ins
Leere.} Bd7 25. Bd3 (25. Qxh6+ Ke7 26. Qh7 Bc6 {Ist kaum besser.}) 25... Bc6
26. Be4 Bb5 27. Bd3 Bc6 28. Be4 Ba4 29. b3 Ke7 {[#]} 30. Bd5 (30. bxa4 $4 Rh8
$19 {mit Damenfang.}) 30... Rxd5 31. Rxd5 exd5 32. bxa4 Rc8 33. Re1+ Kf8 {
und Schwarz steht gut.} 34. Qd3 Rc5 35. Re3 Kg7 36. a3 Ra5 37. Qb3 Qd4 38. Rd3
Qxa4 39. Qb2+ f6 40. Rb3 Qe8 41. g4 Qe1+ 42. Ka2 Rc5 43. Rd3 Qe2 44. Kb1 a6 45.
a4 Qf1+ 46. Ka2 Qf2 47. c3 Qxb2+ 48. Kxb2 Kf7 49. Kc2 a5 50. Rd1 Ke6 51. Kd3
Ke5 52. Re1+ Kf4 53. Re6 Kxf3 54. Rxf6+ Kxg4 55. Rxh6 b5 56. Ra6 1/2-1/2